| 000 | 01116nam a2200277 a 4500 | ||
|---|---|---|---|
| 008 | |||
| 020 | _a0201634953 (cased : v. 3) | ||
| 049 | _aMAIN | ||
| 090 | _aTK5105.55 | ||
| 100 | 1 | _aStevens, W. Richard. | |
| 245 | 1 | 0 |
_aTCP/IP illustrated. _nVolume 3, _pTCP for transactions, HTTP, NNTP, and the UNIX domain protocols / _cW. Richard Stevens. |
| 260 |
_aReading, Mass. : _bAddison-Wesley, _cc1994-c1996. |
||
| 300 |
_axix, 328 p. : _bill. ; _c24 cm. |
||
| 440 | 0 | _aAddison-Wesley professional computing series . | |
| 504 | _aIncludes bibliographical references. | ||
| 500 | _aIncludes indexes. | ||
| 505 | 0 | _av. 1. The protocols -- v. 2. The implementation -- v. 3. TCP for transactions, HTTP, NNTP, and the UNIX domain protocols. | |
| 650 | 0 | _aTCP/IP (Computer network protocol). | |
| 700 | 1 | _aWright, Gary R. | |
| 740 |
_aTCP for transactions, HTTP, NNTP, and the UNIX domain protocols _bTCP/IP illustrated, Volume 3. |
||
| 907 |
_a.b10028110 _b04-02-09 _c17-04-03 |
||
| 003 | |||
| 005 | 20230123133613.0 | ||
| 040 | _cNUST | ||
| 942 |
_cBOOKS _kTK5105.55 |
||
| 999 |
_c151465 _d151465 |
||